إجراءات العقلة العقارية و التبتيت و معطلاتها : (رقم التسجيلة. 247069)

تفاصيل مارك
000 -الفاتح
عناصر البيانات ثابتة الطول 01165nam a2200253 i 4500
005 - تاريخ ووقت آخر معاملة
حقل ضبط 20251108191214.0
008 - عناصر البيانات ثابتة الطول
عناصر البيانات ثابتة الطول 250906s2024 ti ||||gr|||| 00| 0 ara d
020 ## - الترقيم الدولي المعياري للكتب (ردمك)
الترقيم الدولي المعياري للكتب (ردمك) 9789938206173
040 ## - مصدر الفهرسة
هيئة الفهرسة الأصلية JO-AmGAM
قواعد الوصف rda
082 14 - رقم تصنيف ديوي العشري
رقم التصنيف 343.09
رقم المادة ش ا ك
100 1# - مدخل رئيسي – اسم شخصي
الاسم الشخصي شاكر, يحيى
علاقة الشخص بالعمل/ دوره مؤلف.
245 10 - بيان العنوان
العنوان إجراءات العقلة العقارية و التبتيت و معطلاتها :
بقية العنوان دراسة مفصلة على المستوى التشريعي في القانون التونسي الوضعي معززة بفقه القضاء والنظريات القانونية /
246 10 - الأشكال المختلفة للعنوان
العنوان الفعلي/العنوان المختصر إجراءات العقلة العقارية، إجراءات التبتيت، معطلات العقلة والتبتيت.
250 ## - بيان الطبعة
بيان الطبعة الطبعة الثالثة.
260 ## - بيانات النشر، التوزيع…إلخ
اسم الناشر، الموزع...إلخ مجمع الأطرش لنشر الكتاب
تاريخ النشر، التوزيع...إلخ 2024
264 31 - بيانات النشر، التوزيع…إلخ
مكان النشر، التوزيع...إلخ تونس :
اسم الناشر، الموزع...إلخ مجمع الأطرش لنشر الكتاب،
تاريخ النشر، التوزيع...إلخ 2024.
300 ## - الوصف المادي
عدد الوحدات المكونة للوعاء 209 صفحة.
336 ## - نوع المحتوى
المصدر rdacontent
مصطلح نوع المحتوى نص
كود نوع المحتوى txt
337 ## - نوع الوسيط
المصدر rdamedia
مصطلح نوع الوسيط دون وسيط عرض
كود نوع الوسيط n
338 ## - نوع الحامل
المصدر rdacarrier
مصطلح نوع الحامل مجلد
كود نوع الحامل nc
650 17 - مدخل إضافي بالموضوع - مصطلح موضوعي
مصطلح موضوعي أو اسم جغرافي كعنصر مدخل قانون المرافق العامة.
942 ## - بيانات إضافية (كوها)
نوع المادة (كوها) كتب
نوع التنصيف Dewey Decimal Classification
المقتنيات
حالة السحب حالة الفقدان مصدر التصنيف حالة التلف غير قابل للإعارة المكتبة الرئيسية المكتبة الحالية موقع الرف تاريخ التزويد مصدر التزويد العملة التكلفة، سعر الشراء العادي الرقم المتسلسل Total Checkouts رقم الإستدعاء الباركود تاريخ آخر ظهور التكلفة وسعر الاستبدال تاريخ الفاتورة نوع المادة (كوها)
    Dewey Decimal Classification     المكتبة المركزية المكتبة المركزية الإعارة 12/10/2025 18 JOD 21.00 1797497   343.09 ش ا ك PLD00517530 12/10/2025 21.00 12/10/2025 كتب
Implemented & Customized by: BBB with SCIT (Smart Chains for Information Technology)

Powered by Koha